[Event "WSCC  M50 2019"]
[Site "Bucharest"]
[Date "2019.11.12"]
[Round "1.28"]
[White "Martinez Lopez, Jaume"]
[Black "Badea, Bela"]
[Result "0-1"]
[WhiteElo "1985"]
[BlackElo "2420"]
[Annotator "TA"]
[PlyCount "70"]
[EventDate "2019.11.12"]
[EventType "swiss"]
[EventCountry "ROU"]
[SourceTitle "playchess.com"]
[Source "ChessBase"]
[SourceQuality "1"]

{[%evp 15,70,12,38,5,46,21,47,7,24,12,12,-25,-18,-33,-19,-21,-25,-45,-33,-60,-42,-41,-41,-62,-60,-63,-57,-68,-78,-80,-47,-89,-95,-180,-171,-147,-161,-191,-183,-185,-204,-289,-288,-431,-425,-413,-411,-462,-445,-435,-403,-435,-403,-304,-310,-555,-531]} 1. d4 d6 2. Nf3 g6 3. e4 Bg7 4. Be2 Nd7 5. O-O e5 6. Nc3 Ngf6 7. a4 O-O 8. Re1 c6 9. a5 {B08: Pirc Defence: Classical System} (9. Be3 exd4 10. Bxd4 Re8 11. Bf1 Qc7 12. a5 Ne5 13. Nxe5 dxe5 14. Bc5 Rd8 15. Qc1 Be6 16. f3 Nd7 {½-½ (57) Cheparinov,I (2710)-Onischuk,V (2637) Riadh 2017}) 9... Qc7 10. Bg5 h6 11. Bh4 $146 {White is slightly better.} ({Predecessor:} 11. Be3 Re8 12. d5 cxd5 13. exd5 Ng4 14. Bc1 f5 15. Nd2 Ngf6 16. Nc4 Qb8 17. Nb5 Bf8 18. b4 b6 19. a6 Ne4 {½-½ (19) Wilhelm,K (2460)-Hofstetter,H (2485) ICCF corr 1998}) 11... Rb8 12. dxe5 dxe5 13. Bc4 b5 14. axb6 axb6 15. Qd2 b5 16. Bf1 Re8 17. Kh1 g5 18. Bg3 Nh5 19. Nd1 Ndf6 20. Bd3 Nf4 $36 {[%mdl 2048] White is under pressure.} 21. Ne3 Be6 22. Qa5 Qc8 23. Ra3 Nd7 24. Nf5 (24. Raa1 $17 {was necessary.}) 24... Bxf5 $1 $19 25. exf5 Nc5 {[#] aiming for ...e4.} 26. Bxf4 exf4 27. Rxe8+ Qxe8 28. Qb4 (28. b3 {is a better defense.}) 28... Bf8 29. Qe1 (29. Qd2 $142 Ne4 {[%mdl 64] Discovered Attack} 30. Bxe4 Bxa3 31. Bxc6 Qxc6 32. bxa3) 29... g4 30. Qxe8 Rxe8 31. Ng1 Ne4 32. Bxe4 Bxa3 ({Weaker is} 32... Rxe4 33. Ra8 $17) 33. Bxc6 Rc8 34. Bxb5 Bxb2 35. Bd3 $2 {[#]} (35. Be2 {is the only way for White.}) 35... Ra8 {Accuracy: White = 22%, Black = 76%.} 0-1

[Event "WSCC  M50 2019"]
[Site "Bucharest"]
[Date "2019.11.12"]
[Round "1.29"]
[White "Rinas, Oleg"]
[Black "Craciun, Ovidiu"]
[Result "1-0"]
[WhiteElo "2420"]
[BlackElo "1953"]
[Annotator "NA RC"]
[PlyCount "105"]
[EventDate "2019.11.12"]
[EventType "swiss"]
[EventCountry "ROU"]
[SourceTitle "playchess.com"]
[Source "ChessBase"]
[SourceQuality "1"]
[TimeControl "40/5400+30:1800+30"]

1. e4 {[%emt 0:00:03]} e5 {[%emt 0:00:00]} 2. Nf3 {[%emt 0:00:25]} Nc6 {[%emt 0:00:00]} 3. Bb5 {[%emt 0:00:21]} a6 {[%emt 0:00:00]} 4. Bxc6 {[%emt 0:02:41]} dxc6 {[%emt 0:00:06]} 5. d4 {[%emt 0:00:39]} exd4 {[%emt 0:00:17]} 6. Qxd4 {[%emt 0:00:26]} Qxd4 {[%emt 0:00:40]} 7. Nxd4 {[%emt 0:00:16]} Bd7 {[%emt 0:00:34]} 8. O-O {[%emt 0:01:50]} O-O-O {[%emt 0:01:01]} 9. Be3 {[%emt 0:02:33]} Ne7 {[%emt 0:11:28]} 10. Nd2 {[%emt 0:07:50] C68: Ruy Lopez: Exchange Variation, sidelines} (10. Nc3 f6 11. Rad1 Ng6 12. f3 b6 13. b3 Ne5 14. a4 Bb4 15. Nce2 Rhe8 16. Nf4 g6 17. h3 Bd6 18. Nde2 {½-½ (18) Fagerstrom,B (2480)-Klovans,J (2570) ICCF email 2009}) 10... b6 $146 {[%emt 0:12:23]} ({Predecessor:} 10... c5 11. N4f3 b6 12. Rfe1 f6 13. e5 Nd5 14. c3 f5 15. g3 h6 16. Nh4 g5 17. Ng6 {0-1 (34) Engel,B (2139)-Mischuk,D (2371) Hofheim 2018}) 11. Rfd1 {[%emt 0:21:01]} c5 {[%emt 0:16:11]} 12. Ne2 {[%emt 0:01:10]} Ng6 {[%emt 0:01:19]} 13. f3 {[%emt 0:17:35]} Be7 {[%emt 0:03:36]} 14. Nf4 {[%emt 0:06:40]} Nxf4 {[%emt 0:04:24]} 15. Bxf4 {[%emt 0:00:11]} Be6 {[%emt 0:00:30]} 16. Be5 {[%emt 0:04:53]} f6 {[%emt 0:09:29]} 17. Bg3 {[%emt 0:01:17]} Rd7 {[%emt 0:01:26]} 18. Kf2 {[%emt 0:01:33]} Rhd8 {[%emt 0:04:58]} 19. Ke1 {[%emt 0:00:19]} Kb7 {[%emt 0:02:05]} 20. b3 {[%emt 0:07:17]} g6 {[%emt 0:02:58]} 21. Nc4 {[%emt 0:04:56]} Bxc4 {[%emt 0:02:40]} 22. bxc4 {[%emt 0:00:17]} Rd4 {[%emt 0:00:03]} 23. Rxd4 {[%emt 0:00:10]} cxd4 {[%emt 0:00:39]} 24. Ke2 {[%emt 0:00:29]} c5 {[%emt 0:07:51]} 25. Kd3 {[%emt 0:01:17]} Kc6 {[%emt 0:01:30]} 26. a4 {[%emt 0:00:58]} Bd6 {[%emt 0:02:33]} 27. Bf2 {[%emt 0:01:02]} Bc7 {[%emt 0:00:38]} 28. h3 {[%emt 0:00:23]} Re8 {[%emt 0:01:57]} 29. Bh4 {[%emt 0:02:49]} f5 {[%emt 0:00:34]} 30. Re1 {[%emt 0:00:45]} f4 {[%emt 0:02:11]} 31. Bg5 {[%emt 0:03:48]} Be5 {[%emt 0:02:17]} 32. Ra1 {[%emt 0:01:40]} Rf8 {[%emt 0:01:42]} 33. Rb1 {[%emt 0:00:44]} Rf7 {[%emt 0:00:37]} 34. Bd8 {[%emt 0:01:35]} Bc7 {[%emt 0:01:38]} 35. Bxc7 {[%emt 0:01:35]} Kxc7 {[%emt 0:00:28]} 36. e5 {[%emt 0:00:12]} Rf5 {[%emt 0:00:59]} 37. Ke4 {[%emt 0:00:27]} Rg5 $16 {[%emt 0:01:33]} 38. Rg1 {[%emt 0:00:55]} Rf5 {[%emt 0:01:42]} 39. Kd5 {[%emt 0:00:20]} Rg5 {[%emt 0:01:30]} 40. Ke4 {[%emt 0:00:00]} Rf5 {[%emt 0:00:00]} 41. g4 {[%emt 0:06:30]} fxg3 {[%emt 0:01:25]} 42. Rxg3 {[%emt 0:00:27]} Kd7 {[%emt 0:00:39]} 43. f4 {[%emt 0:03:59]} Rf8 {[%emt 0:06:32]} 44. c3 {[%emt 0:01:38]} dxc3 {[%emt 0:08:54]} 45. Rxc3 {[%emt 0:00:14]} Kc7 {[%emt 0:03:01]} 46. Rd3 {[%emt 0:00:22]} Re8 {[%emt 0:03:08]} 47. Rd6 {[%emt 0:01:25]} Rf8 {[%emt 0:00:15]} 48. h4 {[%emt 0:00:58]} Rf7 {[%emt 0:02:15]} 49. a5 {[%emt 0:00:37]} bxa5 {[%emt 0:01:24]} 50. Rxa6 {[%emt 0:00:15]} Kb7 {[%emt 0:00:58]} 51. Rxa5 {[%emt 0:00:14]} Kb6 {[%emt 0:00:33]} 52. Ra8 {[%emt 0:00:23]} Rd7 {[%emt 0:04:40]} 53. e6 {[%emt 0:00:27]} 1-0

[Event "WSCC  M50 2019"]
[Site "Bucharest"]
[Date "2019.11.12"]
[Round "1.30"]
[White "Lopez De Turiso, Jose Angel"]
[Black "Vareille, Francois"]
[Result "0-1"]
[WhiteElo "1947"]
[BlackElo "2417"]
[Annotator "NA"]
[PlyCount "56"]
[EventDate "2019.11.12"]
[EventType "swiss"]
[EventCountry "ROU"]
[SourceTitle "playchess.com"]
[Source "ChessBase"]
[SourceQuality "1"]
[TimeControl "40/5400+30:1800+30"]

1. d4 {[%emt 0:00:00]} Nf6 {[%emt 0:00:00]} 2. c4 {[%emt 0:00:00]} g6 {[%emt 0:00:00]} 3. g3 {[%emt 0:00:11]} Bg7 {[%emt 0:00:26]} 4. Bg2 {[%emt 0:00:30]} O-O 5. Nf3 d6 {[%emt 0:02:50]} 6. O-O {[%emt 0:02:00]} Nbd7 {[%emt 0:00:27]} 7. Nc3 {[%emt 0:00:24]} e5 {[%emt 0:00:07]} 8. e4 {[%emt 0:00:39]} c6 {[%emt 0:01:26]} 9. h3 {[%emt 0:02:21]} Qb6 {[%emt 0:01:55]} 10. Re1 {[%emt 0:05:25]} exd4 {[%emt 0:01:35]} 11. Nxd4 {[%emt 0:00:26]} Re8 {[%emt 0:04:12]} 12. Na4 {[%emt 0:03:55]} Qa5 {[%emt 0:03:41]} 13. a3 {[%emt 0:14:32]} Nc5 {[%emt 0:16:59]} 14. Nc3 {[%emt 0:03:32]} Qc7 {[%emt 0:11:27]} 15. b4 {[%emt 0:07:00]} Ncd7 {[%emt 0:01:35]} 16. Nb3 {[%emt 0:08:16]} Ng4 {[%emt 0:02:42]} 17. Bb2 {[%emt 0:03:05]} Nge5 {[%emt 0:02:27]} 18. Bf1 {[%emt 0:01:16]} Nb6 {[%emt 0:00:48]} 19. Na5 {[%emt 0:09:02]} Be6 {[%emt 0:00:50]} 20. c5 {[%emt 0:00:44]} dxc5 {[%emt 0:00:25]} 21. bxc5 {[%emt 0:00:51]} Nbd7 {[%emt 0:01:39]} 22. Nb3 {[%emt 0:06:29]} Rad8 {[%emt 0:01:57]} 23. Nd4 {[%emt 0:04:03]} Nxc5 {[%emt 0:00:17]} 24. Nxe6 {[%emt 0:02:39]} Rxe6 {[%emt 0:00:19]} 25. Qe2 {[%emt 0:05:24]} Rd2 {[%emt 0:00:14]} 26. Qe3 {[%emt 0:02:08]} Rxb2 {[%emt 0:00:30]} 27. Qxc5 {[%emt 0:00:52]} Nf3+ {[%emt 0:00:11]} 28. Kg2 {[%emt 0:00:07]} Bd4 {[%emt 0:00:07]} 0-1

[Event "WSCC  M50 2019"]
[Site "Bucharest"]
[Date "2019.11.12"]
[Round "1.31"]
[White "Van Der Werf, Mark"]
[Black "Gebhardt, Uwe"]
[Result "1-0"]
[WhiteElo "2401"]
[BlackElo "1943"]
[Annotator "TA"]
[PlyCount "53"]
[EventDate "2019.11.12"]
[EventType "swiss"]
[EventCountry "ROU"]
[SourceTitle "playchess.com"]
[Source "ChessBase"]
[SourceQuality "1"]

{[%evp 17,53,79,91,96,103,102,86,76,94,72,97,75,103,73,83,85,89,72,77,61,58,55,68,72,70,74,137,132,143,139,267,241,838,563,516,370,1248,1244]} 1. d4 g6 2. e4 Bg7 3. c4 d6 4. Nc3 Nc6 5. d5 Nd4 6. Be3 c5 7. Nge2 Qb6 8. Na4 Qa5+ 9. Bd2 Qd8 {[#]} 10. Bc3 $1 {A42: Modern Defence: Averbakh Variation} e5 11. dxe6 $1 Nxe6 12. Bxg7 {White is better.} Nxg7 13. Nac3 Nf6 {[#]} 14. Nf4 $146 ({Predecessor:} 14. g3 O-O 15. Bg2 a6 16. Qd2 Be6 17. b3 Qe7 {1-0 (53) Golod,V (2590)-Hoi,C (2408) Copenhagen 2000}) 14... O-O 15. Be2 Ne6 16. Nxe6 Bxe6 17. O-O Qe7 18. f4 Bd7 19. Bf3 Bc6 {[%cal Rf6e4]} 20. Qc2 Rfd8 21. Rae1 Qf8 (21... Nd7 $142) 22. e5 $16 Bxf3 23. Rxf3 ({Don't take} 23. gxf3 $6 Nh5 $11) 23... Ne8 (23... Nd7 $16 24. Nd5 dxe5) 24. Nd5 $18 Ng7 $2 (24... Qg7 25. Rfe3 Rab8) 25. Rh3 {[#] White threatens Nf6+ and mate.} Ne8 26. Qf2 h6 $2 (26... dxe5 27. fxe5 (27. Rxe5 Qg7 $16) 27... b6) 27. e6 {Accuracy: White = 77%, Black = 31%.} 1-0

[Event "WSCC  M50 2019"]
[Site "Bucharest"]
[Date "2019.11.12"]
[Round "1.32"]
[White "Kainz, Josef"]
[Black "Akesson, Ralf"]
[Result "0-1"]
[WhiteElo "1937"]
[BlackElo "2376"]
[Annotator "TA"]
[PlyCount "76"]
[EventDate "2019.11.12"]
[EventType "swiss"]
[EventCountry "ROU"]
[SourceTitle "playchess.com"]
[Source "ChessBase"]
[SourceQuality "1"]

{[%evp 9,76,21,43,35,17,29,33,12,25,46,38,39,30,13,35,36,21,25,46,20,70,-81,-7,-54,-48,-69,-81,-80,-39,-65,-64,-108,-97,-129,-120,-167,-168,-176,-156,-146,-143,-169,-169,-176,-168,-198,-198,-214,-214,-291,-291,-334,-320,-326,-332,-662,-650,-608,-422,-416,-394,-389,-366,-677,-665,-1204,-1198,-29972,-29972]} 1. d4 Nf6 2. c4 e6 3. g3 c5 4. d5 exd5 5. cxd5 b5 6. e4 {A60: Modern Benoni: Early Divergences} (6. Bg2 d6 7. Nf3 g6 8. O-O Bg7 9. e4 O-O 10. Re1 Re8 11. e5 dxe5 12. Nxe5 Bb7 13. Nc6 Rxe1+ 14. Qxe1 Qd7 15. Ne5 {0-1 (32) Li,C (2751)-Ivanchuk,V (2710) Huaian 2016}) 6... Nxe4 7. Bg2 Nd6 8. Nf3 {[%mdl 1024] White is slightly better. White has compensation.} Be7 9. O-O O-O 10. Bf4 Bb7 11. Nc3 Na6 (11... b4 $5 {[%cal Rb4c3]} 12. Na4 Na6 $11) 12. Bxd6 Bxd6 13. Nxb5 Qb6 $146 ({Predecessor:} 13... Be7) 14. a4 Rfe8 15. Bh3 $2 {[#]} (15. Nd2 $14 {stays ahead.} Be5 16. Nc4) 15... Nc7 ({Better is} 15... Nb4 $1 $17 16. Bxd7 Red8 17. Nxd6 (17. a5 Qa6 $17) 17... Qxd6) 16. Nxc7 (16. Qd3 {seems wilder.} Be7 17. Rfd1 Nxd5 18. Ne5 Nb4 19. Qf5) 16... Bxc7 17. a5 Qd6 $36 {[%mdl 2048] Black is on the roll.} ({But not} 17... Qxb2 $2 18. Rb1 $18) 18. Ra3 Re7 19. Bg2 Rae8 ({Not} 19... Bxd5 $2 20. Rd3 $18) 20. h4 h6 21. h5 Qxd5 22. Rd3 Qxh5 {White must now prevent ...d5.} 23. Rxd7 Bc6 ({Don't play} 23... Bxa5 {[#]} 24. Rxb7 $1 {[%mdl 512]} Rxb7 25. Qa4 $15) 24. Rxe7 Rxe7 25. Nh4 Qxd1 26. Rxd1 Bxg2 27. Kxg2 Bxa5 $19 {[%mdl 4096] Endgame KRB-KRN} 28. b3 g6 29. Rc1 Re2 30. Kf1 Rb2 31. Rxc5 Bb6 32. Rc3 $2 (32. Rc8+ Kg7 33. f4) 32... Rxf2+ 33. Ke1 Rb2 {aiming for ...Ba5.} 34. Kd1 Kg7 35. Nf3 Rg2 36. Ne1 $2 (36. Nh4 Rg1+ 37. Ke2) 36... Rg1 37. Ke2 {[#]} Rxe1+ $1 38. Kxe1 Ba5 {Accuracy: White = 33%, Black = 63%.} 0-1